Purāṇa perennis : (Record no. 1843548)

MARC details
000 -LEADER
fixed length control field 00556cam a2200193 a 4500
003 - CONTROL NUMBER IDENTIFIER
control field OSt
005 - DATE AND TIME OF LATEST TRANSACTION
control field 20260325155619.0
008 - FIXED-LENGTH DATA ELEMENTS--GENERAL INFORMATION
fixed length control field 920701s1993 nyu b 001 0 eng
020 ## - INTERNATIONAL STANDARD BOOK NUMBER
International Standard Book Number 8170303796
040 ## - CATALOGING SOURCE
Transcribing agency HDL
Language of cataloging eng
082 00 - DEWEY DECIMAL CLASSIFICATION NUMBER
Classification number 294.5 N3
Edition number 20
245 00 - TITLE STATEMENT
Title Purāṇa perennis :
Remainder of title reciprocity and transformation in Hindu and Jaina texts /
Statement of responsibility, etc. edited by Wendy Doniger.
260 ## - PUBLICATION, DISTRIBUTION, ETC.
Place of publication, distribution, etc. Delhi;
Name of publisher, distributor, etc. Sri Saturu Publications,
Date of publication, distribution, etc. 1993.
300 ## - PHYSICAL DESCRIPTION
Extent xii, 331 p.
600 ## - SUBJECT ADDED ENTRY--PERSONAL NAME
Source of heading or term History
700 1# - ADDED ENTRY--PERSONAL NAME
Personal name Doniger, Wendy.
942 ## - ADDED ENTRY ELEMENTS (KOHA)
Koha item type Textual
Source of classification or shelving scheme Colon Classification (CC)
Suppress in OPAC No
Holdings
Withdrawn status Lost status Source of classification or shelving scheme Damaged status Not for loan Home library Current library Date acquired Total Checkouts Date last seen Price effective from Koha item type
    Colon Classification (CC)     Department of History Library Department of History Library 2026-03-25   2026-03-25 2026-03-25 Textual
Copyright @ Delhi University Library System